Historia de las madres y de la maternidad en occidente
Guardat en:
| Autor principal: | |
|---|---|
| Format: | Llibre |
| Idioma: | espanyol |
| Publicat: |
Buenos Aires
Nueva Visión
2001
|
| Edició: | 1a. ed |
| Col·lecció: | Colección Claves
|
| Matèries: | |
| Etiquetes: |
Afegir etiqueta
Sense etiquetes, Sigues el primer a etiquetar aquest registre!
|
MARC
| LEADER | 00000nam a2200000 a 4500 | ||
|---|---|---|---|
| 001 | UCJ9093 | ||
| 003 | CL-VaPUC | ||
| 008 | 070302e20010000AG |||||||||||||||||spa|d | ||
| 020 | |a 9506024251 | ||
| 082 | 0 | 4 | |a 305.4 |b KNI |2 21 |
| 100 | 0 | |a Knibiehler, Yvonne |e author |9 519012 | |
| 245 | 1 | 0 | |a Historia de las madres y de la maternidad en occidente |
| 250 | |a 1a. ed | ||
| 300 | |a 109 p | ||
| 942 | |c BK | ||
| 945 | |d 20070302 00:00:00 |a cmena | ||
| 260 | |a Buenos Aires |b Nueva Visión |c 2001 | ||
| 650 | 0 | |a Mujeres |9 257649 | |
| 650 | 0 | |a Madres |9 335761 | |
| 650 | 0 | |a Desarrollo cultural |9 267526 | |
| 650 | 0 | |a Antropología cultural y social |9 265143 | |
| 583 | |a last modification |c 20070302 00:00:00 |k Rodrigo Vera | ||
| 490 | 0 | |a Colección Claves | |
| 999 | |c 324725 |d 324723 | ||
| 952 | |0 0 |1 0 |4 0 |6 305_400000000000000_KNI_2001 |7 0 |8 A |9 405065 |a BIBHIS |b BIBHIS |d 2019-11-22 |i 4314123 |o 305.4 KNI 2001 |p 4314123 |r 2025-01-20 |w 2019-11-22 |y BK |k HIS | ||